All Weapons in Call of Duty: World at War - Statistics

General Stats
  • This quiz has been taken 1,323 times
    1,314 since last reset
  • The average score is 17 of 33
Answer Stats
Hint Answer % Correct
Submachine Gun MP40
86%
Submachine Gun Thompson
85%
Bolt Action Rifle Springfield
74%
Rifle M1 Garand
72%
Bolt Action Rifle Kar98k
69%
Machine Gun MG42
67%
Pistol Colt M1911
66%
Shotgun M1897 Trench Gun
62%
Bolt Action Rifle Arisaka
61%
Primary Grenade Fragmentation Grenade
61%
Bolt Action Rifle Mosin-Nagant
61%
Submachine Gun PPSh-41
61%
Machine Gun Browning M1919
60%
Rifle StG-44
56%
Submachine Gun Type 100
56%
Machine Gun BAR
54%
Secondary Grenade Smoke Grenade
54%
Machine Gun Type 99
51%
Rifle M1A1 Carbine
46%
Pistol Nambu
44%
Pistol Walther P38
44%
Shotgun Double-Barreled Shotgun
41%
Rifle Gewehr 43
40%
Machine Gun FG42
39%
Primary Grenade No. 74 ST
37%
Bolt Action Rifle PTRS-41
37%
Rifle SVT-40
37%
Machine Gun DP28
34%
Pistol Tokarev TT33
33%
Secondary Grenade Signal Flare
29%
Primary Grenade Molotov Cocktail
28%
Pistol .357 Magnum
25%
Secondary Grenade Tabun Gas Grenade
23%
No matching quizzes found
Score Distribution
Percent of People with Each Score
Percentile by Number Answered
Your Score History
You have not taken this quiz since the last reset